书目信息 |
| 题名: |
女皇武则天
|
|
| 作者: | 刘清越 著 | |
| 分册: | 下 | |
| 出版信息: | 太原 山西人民出版社 2020.01 |
|
| 页数: | 289-559页 | |
| 开本: | 24cm | |
| 丛书名: | ||
| 单 册: | ||
| 中图分类: | K827=421 | |
| 科图分类: | ||
| 主题词: | ||
| 电子资源: | ||
| ISBN: | 978-7-203-11085-9 | |
| 000 | 01039nam0 2200265 450 | |
| 001 | 0120202980518 | |
| 005 | 20201019163823.67 | |
| 010 | @a978-7-203-11085-9@dCNY39.00,CNY78.00(全2册) | |
| 100 | @a20200417d2020 em y0chiy50 ea | |
| 101 | 0 | @achi |
| 102 | @aCN@b140000 | |
| 105 | @ay z 000yb | |
| 106 | @ar | |
| 200 | 1 | @a女皇武则天@9nv huang wu ze tian@b专著@e悠悠千载无字碑 是非功过任评说@h下@f刘清越著 |
| 210 | @a太原@c山西人民出版社@d2020.01 | |
| 215 | @a289-559页@d24cm | |
| 300 | @a品读中华帝王传 纵观王朝兴衰史 | |
| 330 | @a本书主要讲述了女皇武则天从入宫到成为一代天后的过程。内容分为皇后之路、走向天后、变局、斗争、则天皇帝、还李归唐六章。内容包括:才女入宫、母仪天下、天皇之死、打击宗室、谁是天子儿等。 | |
| 333 | @a历史爱好者 | |
| 517 | 1 | @a悠悠千载无字碑 是非功过任评说@9you you qian zai wu zi bei shi fei gong guo ren ping shuo |
| 600 | 0 | @a武则天@f(624-705)@x传记 |
| 690 | @aK827=421@v5 | |
| 701 | 0 | @a刘清越@9liu qing yue@4著 |
| 801 | 0 | @aCN@b人天书店@c20200417 |
| 905 | @b1286252-55@dK827=421@e1016:2@f4 | |
| 女皇武则天:悠悠千载无字碑 是非功过任评说.下/刘清越著.-太原:山西人民出版社,2020.01 |
| 289-559页;24cm |
| 品读中华帝王传 纵观王朝兴衰史.-使用对象:历史爱好者 |
| ISBN 978-7-203-11085-9:CNY39.00,CNY78.00(全2册) |
| 本书主要讲述了女皇武则天从入宫到成为一代天后的过程。内容分为皇后之路、走向天后、变局、斗争、则天皇帝、还李归唐六章。内容包括:才女入宫、母仪天下、天皇之死、打击宗室、谁是天子儿等。 |
| ● |
| 相关链接 |
|
|
|
|
正题名:女皇武则天
索取号:K827=421/1016:2
 
预约/预借
| 序号 | 登录号 | 条形码 | 馆藏地/架位号 | 状态 | 备注 |
| 1 | 1286252 | 212862525 | 第二样本阅览室/ [索取号:K827=421/1016:2] | 在馆 | |
| 2 | 1286253 | 212862534 | 第二借阅区/ [索取号:K827=421/1016:2] | 在馆 | |
| 3 | 1286254 | 212862543 | 第二借阅区/ [索取号:K827=421/1016:2] | 在馆 | |
| 4 | 1286255 | 212862552 | 第二借阅区/ [索取号:K827=421/1016:2] | 在馆 |